000 01979 a2200265 4500
001 49427
005 20260407155757.0
008 260407a2001 arg spa d
003 AR-UNSa-BCEJYS
040 _aAR-UNSa-BCEJYS
_bspa
_cAR-UNSa-BCEJYS
080 _a658.3
_xPersonal. Relaciones humanas en la empresa (Recursos Humanos)
245 1 0 _aAdministración de recursos humanos
020 _a970-686-108-4
250 _a12a. ed.
264 1 _aMéxico :
_bThomson Learning
_c2001
300 _axxxvi, 707 p.
_c26 cm.
505 _aParte I: ADMINISTRACIÓN DE RECURSOS HUMANOS EN PERSPECTIVA: 1. El desafío de la administración de los recursos humanos - 2. Igualdad de oportunidades en el empleo y administración de los recursos humanos - - Parte II: ALCANZANDO LOS REQUERIMIENTOS DE RECURSOS HUMANOS: 3. Requerimientos del puesto y diseño de las organizaciones para lograr la productividad de los recursos humanos - 4. Planeación y reclutamiento de recursos humano - 5. Selección - - Parte III: DESARROLLAR LA EFICACIA DE LOS RECURSOS HUMANOS: 6. Capacitación y desarrollo - 7. Desarrollo profesional - 8. Evaluar y mejorar el desempeño - - Parte IV: IMPLEMENTACIÓN DE COMPERSACIONES Y SEGURIDAD: 9. Administración de la compensación - 10. Recompensas de incentivos - 11. Prestaciones a los empleados - 12. Seguridad e higiene - - Parte V: MEJORAMIENTO DE LAS RELACIONES CON LOS EMPLEADOS: 13. Derecho y disciplina laboral - 14. Negociación colectiva y administración del contrato - - Parte VI: EXPANSIÓN DE LOS HORIZONTES DE LOS RECURSOS HUMANOS: 15. Administración internacional de recursos humanos - 16. Creación de sistemas de trabajo de alto desempeño.
041 _aspa
942 _cBK
590 _aniveau_biblio:m niveau_hierar:0
100 1 _aBohlander, George W.
700 1 _aSnell, Scott A.
700 1 _aSherman, Arthur
856 4 1 _uhttps://www.biblioeco.unsa.edu.ar/pmb/images/libros/L128088.jpg
_yImagen de portada
_qimage/jpeg
999 _c4838
_d4838